| 000 | 00754nam a2200205 i 4500 | ||
|---|---|---|---|
| 001 | 84987 | ||
| 003 | ES-MaACL | ||
| 005 | 20230906175146.0 | ||
| 007 | t| | ||
| 008 | 041124s1956 sp ||||1| spa d | ||
| 100 | 1 |
_aJones, D. W. Kent. _966835 |
|
| 245 | 1 | 0 |
_aQuímica moderna de los cereales / _cD.W. Kent Jones y A.J. Marí ; traducción del inglés por Francisco Pulido Cuchí ; revisión y nota preliminar por Antonio Quintana Marí. |
| 260 |
_aMadrid : _bAguilar, _c1956 ( _fSelecciones Gráficas) |
||
| 300 |
_aXXIII, 802 p. : _bil. ; _c22 cm. |
||
| 650 | 4 |
_aIndustria del pan. _9165309 |
|
| 700 | 1 |
_aPulido Cuchí, Francisco. _994372 |
|
| 700 | 1 |
_aQuintana Marí, Antonio. _994689 |
|
| 700 | 0 |
_aAmós, A. J. _921328 |
|
| 852 |
_aES-MaACL _jC-9789 |
||
| 999 |
_c84987 _d84987 |
||